Convertibilidad y desindexación Ley 23.928 (Registro nro. 5459)

Detalles MARC
000 -LEADER
fixed length control field 00692 a2200205 4500
001 - CONTROL NUMBER
control field 54290
005 - DATE AND TIME OF LATEST TRANSACTION
control field 20260407155814.0
008 - FIXED-LENGTH DATA ELEMENTS--GENERAL INFORMATION
fixed length control field 260407a1991 arg spa d
003 - CONTROL NUMBER IDENTIFIER
control field AR-UNSa-BCEJYS
040 ## - CATALOGING SOURCE
Original cataloging agency AR-UNSa-BCEJYS
Language of cataloging spa
Transcribing agency AR-UNSa-BCEJYS
080 ## - UNIVERSAL DECIMAL CLASSIFICATION NUMBER
Universal Decimal Classification number 336.745
Common auxiliary subdivision Cambio de monedas. Moneda extranjera
020 ## - INTERNATIONAL STANDARD BOOK NUMBER
International Standard Book Number 950-14-0606-7
100 1# - MAIN ENTRY--PERSONAL NAME
Personal name Villegas, Carlos Gilberto
245 10 - TITLE STATEMENT
Title Convertibilidad y desindexación Ley 23.928
Name of part/section of a work su aplicación a la actividad bancaria
264 #1 - PRODUCTION, PUBLICATION, DISTRIBUTION, MANUFACTURE, AND COPYRIGHT NOTICE
Place of production, publication, distribution, manufacture Buenos Aires :
Name of producer, publisher, distributor, manufacturer Ediciones Depalma
Date of production, publication, distribution, manufacture, or copyright notice 1991
300 ## - PHYSICAL DESCRIPTION
Extent 106 p.
Dimensions 23 cm.
505 ## - FORMATTED CONTENTS NOTE
Formatted contents note 1. El dinero – 2. El nominalismo – 3. La ley 23.928
590 ## - LOCAL NOTE (RLIN)
Local note niveau_biblio:m niveau_hierar:0
942 ## - ADDED ENTRY ELEMENTS (KOHA)
Koha item type
Existencias
Withdrawn status Lost status Damaged status Not for loan Home library Current library Shelving location Date acquired Total checkouts Full call number Barcode Date last seen Price effective from Koha item type
        Biblioteca Prof. Eusebio Cleto del Rey Biblioteca Prof. Eusebio Cleto del Rey   07/04/2026   336.745 V728 L58778 07/04/2026 07/04/2026 Libro